| 000 | 00490cam a2200181 4500 | ||
|---|---|---|---|
| 001 | D11365 | ||
| 008 | 090401t xxu||||| |||| 00| 0 eng d | ||
| 035 | _a(Sirsi) u97904 | ||
| 041 | _aeng | ||
| 050 | _a346.4104343 | ||
| 100 | _aReynolds, Kirk | ||
| 245 | _aCommercial lettings: liability of original lessee and of successive sureties after assignment(s) | ||
| 350 | _a0 | ||
| 520 | _aIn Blundell memorial lectures 1984 | ||
| 700 | _aFogel, Steven | ||
| 942 | _n0 | ||
| 948 | _c04/03/1997 | ||
| 999 |
_c99023 _d99023 |
||